| 000 | 01048nam a2200325 i 4500 | ||
|---|---|---|---|
| 003 | EG-GICUC | ||
| 005 | 20260505113100.0 | ||
| 008 | 260505m19801982ru ||||fr|||| 001 0 eng d | ||
| 040 |
_aEG-GiCUC _beng _cEG-GiCUC _dEG-GiCUC _erda |
||
| 041 | 0 | _aeng | |
| 082 | 0 | 4 |
_221 _a342.4047 _bLE . U |
| 092 | 0 | 4 | _221 |
| 099 | _aLaw1 11 342.4047 LE . U 1982 0804734 C1 | ||
| 100 | 1 |
_aLebedev, Nikolai _eAuthor. |
|
| 245 | 1 | 4 |
_aThe USSR In World Politics / _bby Nikolai Lebedev. |
| 264 | 1 |
_aMoscow : _bProgress Publishers, _c1982. |
|
| 300 |
_a380 Pages ; _c24 cm. |
||
| 336 |
_2rda content _atext |
||
| 337 |
_2rda media _aComputer |
||
| 338 |
_2rda carrier _aOnline Resource |
||
| 500 | _aIndex Pages : 308-318. | ||
| 546 | _aText in English | ||
| 650 | 1 | 4 | _aPolitical systems |
| 650 | 1 | 4 | _aInternational politics |
| 651 | 1 | 4 |
_aRussia _xInternational politics |
| 710 | 1 | _aUssr Academy Of Scjences Soviet Political Science Association | |
| 856 | 4 | 0 | _uhttps://fll.law.cu.edu.eg/fulltext/bks/B08-04734.pdf |
| 905 | _a164 | ||
| 942 |
_2ddc _cBK _e21 _n0 |
||
| 999 |
_c75642 _d75642 |
||